000 01507cam a22004454i 4500
003 PE-LiUPU
005 20250731173439.0
008 150616s r 000 0 d
035 _a(Sirsi) a5641
040 _aPE-LiUPU
_bspa
_cPE-LiUPU
_erda
049 _aPRUA
082 0 4 _a262.52002
_bF11
_221
100 1 _aFábrega y Grau, Angel,
_eautor.
245 1 0 _aHistoria de los Concilios Ecuménicos /
_cAngel Fábrega y Grau.
264 1 _aBarcelona :
_bEditorial Balmes,
_c1960.
300 _a334 páginas ;
_c16 cm.
336 _atext
_2rdacontent
337 _aunmediated
_2rdamedia
338 _avolume
_2rdacarrier
505 0 _aHistoria de todos los concilios ecuménicos católicos hasta el concilio de Vaticano I.
526 _aSEG42
526 _aSEG41
526 _aSEG40
526 _aSEG39
526 _aP94
526 _aP87
526 _aP86
526 _aP85
526 _aP77
526 _aP76
526 _aP35
650 0 4 _aConcilios y sínodos ecuménicos
_xHistoria.
910 _ajck
_bjvq
_cjck
942 _2ddc
_cBOOK
949 _a262.52002 F11
_wDEWEY
_c1
_i39415
_lCCODEBUL1
_mBUL
_p00.00
_r0
_sY
_tBOOK
_u19950927
_xTEOLOGIA
_zUNKNOWN
_0COMPRA
_o.STAFF. Colección General
994 _aC0
_bPEPRU
596 _a1
999 _a262.52002 F11
_wDEWEY
_c56692
_i39415
_f2021-11-12
_g5
_lCCODEBUL1
_mBUL
_r0
_sY
_tBOOK
_u2015-6-16
_xTEOLOGIA
_zUNKNOWN
_0COMPRA
_o.STAFF. Colección General
_d56692
980 _81
_gALBERTO SANCHEZ Responsable de Automatización